000 00800nas a2200229 i 4500
001 183709
003 ES-MaACL
005 20250217134913.0
008 140930d19141918gw | | b||pa d
022 _a9975-7478
080 _a94(4)"1914/18"
245 0 0 _aCrónica de la guerra
_b: efemérides de la guerra, cartas militares, ilustraciones.
260 _a[Berlín :
_bImprenta y Edición de M. Berg,
_c1914-1918]
300 _a63 p., [16] p. :
_bil. ;
_c21 cm.
310 _aPeriodicidad desconocida
362 0 _aComenzó en ag. 1914; cesó en 1918.
580 _aSe edita también en alemán, inglés, francés, italiano, neerlandes y danés.
650 0 4 _aGuerra mundial, 1914-1918.
_913212
852 _aES-MaACL
_jT-1448-F-1
866 0 _oMarzo de 1915
999 _c183709
_d183709